000 00357nam a2200133Ia 4500
008 151021s9999 xx 000 0 und d
020 _a72472472
050 _aHF 5548.4.M525D455 2002
245 _a_Microsoft office xp
260 _aUSA McGraw-Hill 2002
300 _axxix,75p;ill.
700 _a_Linda I.O`Leary
980 _a^d20120814 12:01:05^oanne
999 _c12343
_d12343